000 00813cab a2200253 4500
001 WB3413-34
008 090401t1998 xxu||||| |||| 00| 0 eng d
035 _a(Sirsi) u85362
041 _aeng
245 _aBrussels region
260 _c1998
350 _a0
490 _aFinancial Times
_v31 March 1998, (6) (LOAN)
520 _aPublic transport links with Europe, the commercial property market, impact of European Community institutions on the region, tourism, the city`s European City of Culture 2000 initiative are included in this special feature on the Brussels region.
650 _aBELGIUM
650 _aBRUSSELS
650 _aEUROPEAN COMMUNITY
650 _aOFFICES
650 _aRENTAL LEVELS
650 _aTOURISM
690 _aOVERSEAS-EUROPE
942 _n0
948 _c01/04/1998
999 _c53675
_d53675